[Event "BL 0809 Solinger SG - SV Wattenscheid"]
[Site "?"]
[Date "2008.10.03"]
[Round "7.5"]
[White "Appel, Ralf"]
[Black "Buhmann, Rainer"]
[Result "0-1"]
[WhiteElo "2541"]
[BlackElo "2561"]
[PlyCount "76"]
[EventDate "2008.??.??"]

1. Nf3 d5 2. d4 Nf6 3. Bf4 c6 4. e3 Bg4 5. Nbd2 e6 6. Be2 Bd6 7. Ne5 Bxe2 8.
Qxe2 Qc7 9. Bg3 Nbd7 10. f4 O-O 11. O-O b5 12. Rad1 c5 13. c3 a6 14. Kh1 Nb6
15. dxc5 Qxc5 16. e4 Bxe5 17. fxe5 Nxe4 18. Nxe4 dxe4 19. Rd4 e3 20. Qxe3 Nc4
21. Qe2 Rad8 22. Rfd1 Qc7 23. b3 Nb6 24. c4 Rxd4 25. Rxd4 bxc4 26. bxc4 Rc8 27.
h3 Nxc4 28. Rg4 Qc5 29. Kh2 Qd5 30. Bf4 Rc5 31. Rg5 Rb5 32. Qg4 g6 33. Qh4 Rb2
34. Rg3 Nd2 35. Bxd2 Rxd2 36. Qf4 Rd4 37. Qf6 Re4 38. Rg5 h6 0-1

[Event "BL 0809 Solinger SG - SV Wattenscheid"]
[Site "?"]
[Date "2008.10.03"]
[Round "7.6"]
[White "Naumann, Alexander"]
[Black "Handke, Florian"]
[Result "1/2-1/2"]
[WhiteElo "2502"]
[BlackElo "2498"]
[PlyCount "55"]
[EventDate "2008.??.??"]

1. d4 d5 2. c4 c6 3. Nf3 Nf6 4. Nc3 dxc4 5. a4 Bf5 6. Ne5 Nbd7 7. Nxc4 Nb6 8.
Ne5 a5 9. g3 e6 10. Bg2 Bb4 11. O-O O-O 12. e3 h6 13. Qe2 Bh7 14. Rd1 Nfd7 15.
Nd3 Qe7 16. e4 e5 17. dxe5 Nxe5 18. Nxe5 Qxe5 19. Be3 Bc5 20. f4 Qe7 21. Bxc5
Qxc5+ 22. Qf2 Qxf2+ 23. Kxf2 Rfd8 24. Rab1 Kf8 25. Bf1 Rxd1 26. Rxd1 Ke7 27.
Rd4 Nd7 28. Ke3 1/2-1/2

[Event "BL 0809 Solinger SG - SV Wattenscheid"]
[Site "?"]
[Date "2008.10.03"]
[Round "7.8"]
[White "Ernst, Sipke"]
[Black "Tereick, Benjamin"]
[Result "1-0"]
[WhiteElo "2581"]
[BlackElo "2382"]
[PlyCount "97"]
[EventDate "2008.??.??"]

1. Nf3 e6 2. c4 Nf6 3. g3 d5 4. Bg2 dxc4 5. Na3 Bxa3 6. bxa3 Nc6 7. Bb2 O-O 8.
Rc1 Re8 9. Rxc4 e5 10. O-O e4 11. Nd4 Ne5 12. Rc1 c6 13. Qb3 Qa5 14. Qb4 Qa6
15. f4 Nd5 16. Qb3 Ng4 17. e3 Bd7 18. h3 Ngf6 19. g4 Nb6 20. Qc2 Qa4 21. Nb3
Be6 22. Nc5 Qxc2 23. Rxc2 Bc4 24. Re1 Bd3 25. Rcc1 Nfd7 26. Nxd3 exd3 27. Bd4
Rad8 28. Rb1 c5 29. Bc3 Na4 30. Ba1 Ndb6 31. Bxb7 Re7 32. Bc6 Rc8 33. Bxa4 Nxa4
34. Rec1 f6 35. Kf2 c4 36. Bd4 Nc5 37. Bxc5 Rxc5 38. Rc3 g6 39. Rb4 Rec7 40. e4
Kf7 41. Ke3 a5 42. Rb1 g5 43. f5 Ke7 44. Rb6 R7c6 45. Rxc6 Rxc6 46. Kd4 Rb6 47.
Rxc4 Rb2 48. Kxd3 Rxa2 49. Ra4 1-0

[Event "BL 0809 Turm Emsdetten - Werder Bremen"]
[Site "?"]
[Date "2008.11.28"]
[Round "7.1"]
[White "Eljanov, Pavel"]
[Black "Mchedlishvili, Mikheil"]
[Result "1/2-1/2"]
[WhiteElo "2720"]
[BlackElo "2615"]
[PlyCount "98"]
[EventDate "2008.??.??"]

1. d4 d5 2. c4 c6 3. Nf3 Nf6 4. Nc3 dxc4 5. a4 Bf5 6. e3 e6 7. Bxc4 Bb4 8. O-O
O-O 9. Qe2 Bg6 10. Ne5 Nbd7 11. Nxg6 hxg6 12. Rd1 Qa5 13. e4 e5 14. d5 Bxc3 15.
dxc6 Bxb2 16. Bxb2 bxc6 17. Ba3 c5 18. Bc1 Rad8 19. Bd2 Qc7 20. f3 Nb6 21. Ba6
Rd6 22. Rdc1 Rb8 23. Rc2 Nfd7 24. Be3 Nc8 25. Bb5 Ne7 26. f4 Nc6 27. Qf2 Qd8
28. Bc4 Qe7 29. Rf1 Nd4 30. Rb2 Rxb2 31. Qxb2 Rb6 32. Qc3 exf4 33. Bxf4 Rf6 34.
Qe3 Ne5 35. Bd5 Qc7 36. Bg3 Rxf1+ 37. Kxf1 Qd6 38. Kg1 Qf6 39. h3 g5 40. Kh2
Qe7 41. Qc3 Nd7 42. Qb2 Nf6 43. Qb8+ Kh7 44. a5 Nxe4 45. Bxe4+ Qxe4 46. Qxa7 c4
47. Qc5 Ne2 48. Qxg5 Nxg3 49. Qxg3 Qc6 1/2-1/2

[Event "BL 0809 Turm Emsdetten - Werder Bremen"]
[Site "?"]
[Date "2008.11.28"]
[Round "7.2"]
[White "Hector, Jonny"]
[Black "Efimenko, Zahar"]
[Result "1/2-1/2"]
[WhiteElo "2552"]
[BlackElo "2680"]
[PlyCount "94"]
[EventDate "2008.??.??"]

1. e4 c5 2. Nf3 Nc6 3. Nc3 g6 4. d4 cxd4 5. Nxd4 Bg7 6. Be3 Nf6 7. Bc4 Qa5 8.
O-O O-O 9. Bb3 d6 10. h3 Bd7 11. f4 Nxd4 12. Bxd4 Bc6 13. Qe1 Qb4 14. Bxf6 Bxf6
15. Nd5 Qc5+ 16. Kh1 Bxd5 17. Bxd5 Qxc2 18. Rc1 Qxb2 19. Rb1 Qd4 20. Bxb7 Rab8
21. Qe2 Qc5 22. Rb5 Qc7 23. Rfb1 Bd4 24. a4 a5 25. Qd2 Bc5 26. Qc3 e6 27. g3
Rfe8 28. Kg2 h5 29. g4 h4 30. R1b2 Kh7 31. e5 Re7 32. Be4 Rxb5 33. Rxb5 Bb4 34.
Qxc7 Rxc7 35. exd6 Bxd6 36. f5 exf5 37. gxf5 Rc4 38. fxg6+ fxg6 39. Rh5+ Kg7
40. Rxh4 Rxa4 41. Rg4 Kf6 42. Rxg6+ Ke5 43. Bc6 Rc4 44. Bb5 Rb4 45. Rg4 Rb2+
46. Kf3 Rb3+ 47. Kg2 Rb2+ 1/2-1/2

[Event "BL 0809 Turm Emsdetten - Werder Bremen"]
[Site "?"]
[Date "2008.11.28"]
[Round "7.3"]
[White "Fressinet, Laurent"]
[Black "Feygin, Michael"]
[Result "1-0"]
[WhiteElo "2676"]
[BlackElo "2569"]
[PlyCount "53"]
[EventDate "2008.??.??"]

1. e4 d5 2. exd5 Qxd5 3. Nc3 Qd6 4. d4 Nf6 5. Nf3 c6 6. Be3 Bg4 7. h3 Bxf3 8.
Qxf3 Nbd7 9. O-O-O e6 10. Kb1 Qc7 11. g4 Nd5 12. Bc1 Nxc3+ 13. Qxc3 Bd6 14. Qf3
Nf6 15. g5 Ng8 16. c4 Qd7 17. d5 cxd5 18. cxd5 e5 19. h4 Ne7 20. Bh3 Qa4 21. h5
O-O 22. h6 gxh6 23. Bf5 Ng6 24. Qh3 Rfd8 25. Qxh6 Nf8 26. Bxh7+ Nxh7 27. g6 1-0

[Event "BL 0809 Turm Emsdetten - Werder Bremen"]
[Site "?"]
[Date "2008.11.28"]
[Round "7.4"]
[White "Janssen, Ruud"]
[Black "Meier, Georg"]
[Result "1/2-1/2"]
[WhiteElo "2524"]
[BlackElo "2558"]
[PlyCount "53"]
[EventDate "2008.??.??"]

1. c4 Nf6 2. Nc3 c5 3. Nf3 e6 4. e4 Nc6 5. Be2 d5 6. exd5 exd5 7. d4 Be6 8.
cxd5 Nxd5 9. O-O Be7 10. Nxd5 Qxd5 11. Be3 Rd8 12. dxc5 Bxc5 13. Qxd5 Rxd5 14.
Bc4 Rf5 15. Rfe1 Bxc4 16. Bxc5+ Kd7 17. Rad1+ Kc8 18. Bxa7 Bxa2 19. Nd4 Rd5 20.
Nxc6 Rxd1 21. Ne7+ Kd7 22. Rxd1+ Kxe7 23. Bc5+ Kf6 24. Rd7 Re8 25. h4 b5 26.
Bd4+ Kg6 27. Rd6+ 1/2-1/2

[Event "BL 0809 Turm Emsdetten - Werder Bremen"]
[Site "?"]
[Date "2008.11.28"]
[Round "7.6"]
[White "Pruijssers, Roeland"]
[Black "Babula, Vlastimil"]
[Result "1/2-1/2"]
[WhiteElo "2458"]
[BlackElo "2608"]
[PlyCount "67"]
[EventDate "2008.??.??"]

1. e4 c5 2. Nf3 d6 3. d4 cxd4 4. Nxd4 Nf6 5. Nc3 e6 6. g4 h6 7. h4 Nc6 8. Rg1
d5 9. Bb5 Bd7 10. exd5 Nxd5 11. Nxd5 exd5 12. Qe2+ Be7 13. Be3 Qa5+ 14. c3
O-O-O 15. Nb3 Qc7 16. O-O-O Bxh4 17. Rxd5 Be6 18. Rxd8+ Rxd8 19. Nc5 Bd5 20.
Rd1 Be7 21. Qc2 Bxc5 22. Qf5+ Be6 23. Qxc5 Rxd1+ 24. Kxd1 Bxg4+ 25. Kc1 Be6 26.
Qf8+ Qd8 27. Qxg7 Qd5 28. Qf8+ Kd7 29. Bxc6+ Qxc6 30. Qxh6 Bxa2 31. Qxc6+ Kxc6
32. Bxa7 b5 33. Kc2 Bc4 34. Be3 1/2-1/2

[Event "BL 0809 Turm Emsdetten - Werder Bremen"]
[Site "?"]
[Date "2008.11.28"]
[Round "7.7"]
[White "Fish, Gennadij"]
[Black "Brandenburg, Daan"]
[Result "1/2-1/2"]
[WhiteElo "2531"]
[BlackElo "2436"]
[PlyCount "57"]
[EventDate "2008.??.??"]

1. d4 Nf6 2. c4 c5 3. d5 b5 4. cxb5 a6 5. bxa6 g6 6. Nc3 Bxa6 7. Nf3 d6 8. g3
Bg7 9. Bg2 Nbd7 10. O-O O-O 11. Qc2 Qa5 12. Rd1 Rfb8 13. b3 Ng4 14. Bb2 Nge5
15. Nd2 c4 16. h3 Nc5 17. Rab1 Rc8 18. Ba1 cxb3 19. Nxb3 Nxb3 20. axb3 Rab8 21.
Rdc1 Nd7 22. Qd2 Nc5 23. b4 Rxb4 24. Na2 Ra4 25. Qxa5 Rxa5 26. Nb4 Rxa1 27.
Rxa1 Bxa1 28. Nxa6 Bb2 29. Rc2 1/2-1/2

[Event "BL 0809 Turm Emsdetten - Werder Bremen"]
[Site "?"]
[Date "2008.11.28"]
[Round "7.8"]
[White "Richter, Christian"]
[Black "Meins, Gerlef"]
[Result "0-1"]
[WhiteElo "2403"]
[BlackElo "2460"]
[PlyCount "94"]
[EventDate "2008.??.??"]

1. d4 d5 2. Nf3 Nf6 3. c4 dxc4 4. e3 e6 5. Bxc4 c5 6. O-O a6 7. dxc5 Qxd1 8.
Rxd1 Bxc5 9. Kf1 Ke7 10. Nbd2 Rd8 11. b3 Bd7 12. Bb2 Bb5 13. Rac1 Bxc4+ 14.
Rxc4 Nbd7 15. Bxf6+ gxf6 16. Ne4 Bb6 17. g4 Rac8 18. Rdc1 Rxc4 19. Rxc4 Nb8 20.
Ke2 Nc6 21. Nc5 Bxc5 22. Rxc5 Kf8 23. Ne1 Rd7 24. Nd3 Ne7 25. Nf4 f5 26. g5 Nc6
27. a3 Ke7 28. b4 f6 29. h4 fxg5 30. hxg5 Kf7 31. Nd3 Kg7 32. Rc1 Re7 33. Nc5
Ne5 34. Rd1 Nf7 35. f4 h6 36. gxh6+ Kxh6 37. Rd7 Rxd7 38. Nxd7 Nd8 39. Kd3 Kh5
40. a4 Kg4 41. a5 Nc6 42. Kc4 Kf3 43. Nc5 e5 44. Nxb7 Kxe3 45. fxe5 f4 46. e6
f3 47. b5 Ne7 0-1

[Event "BL 0809 USV TU Dresden - SC Kreuzberg"]
[Site "Dresden"]
[Date "2008.11.28"]
[Round "7.3"]
[White "Luther, Thomas"]
[Black "Gauglitz, Gernot"]
[Result "1-0"]
[WhiteElo "2532"]
[BlackElo "2397"]
[PlyCount "77"]
[EventDate "2008.??.??"]

1. e4 c5 2. Nf3 Nc6 3. d4 cxd4 4. Nxd4 Nf6 5. Nc3 e5 6. Ndb5 d6 7. Bg5 a6 8.
Na3 b5 9. Bxf6 gxf6 10. Nd5 Bg7 11. Bd3 Ne7 12. Nxe7 Qxe7 13. O-O O-O 14. c4 f5
15. Qh5 Rb8 16. exf5 e4 17. Rae1 Bb7 18. b3 Rfe8 19. Nc2 bxc4 20. bxc4 Qc7 21.
Be2 d5 22. Qg5 h6 23. Qg4 Bc8 24. Rd1 Rb2 25. Ne3 d4 26. Rxd4 Rxe2 27. Rfd1
Rxa2 28. Nd5 Qc6 29. Nb4 Qa4 30. Nxa2 Qxa2 31. Rxe4 Rf8 32. Qf4 Qb2 33. h3 Kh7
34. Rd6 Bf6 35. Re2 Bg5 36. Qe4 Qc1+ 37. Re1 Qf4 38. Qd5 Bxf5 39. g3 1-0

[Event "BL 0809 USV TU Dresden - SC Kreuzberg"]
[Site "Dresden"]
[Date "2008.11.28"]
[Round "7.4"]
[White "Hoffmann, Paul"]
[Black "Shengelia, Davit"]
[Result "0-1"]
[WhiteElo "2338"]
[BlackElo "2547"]
[PlyCount "134"]
[EventDate "2008.??.??"]

1. e4 g6 2. d4 Bg7 3. Nf3 d6 4. h3 Nf6 5. Nc3 a6 6. Bg5 h6 7. Be3 e6 8. Bd3
Nbd7 9. O-O O-O 10. Re1 Kh7 11. Qe2 Qe7 12. Rad1 e5 13. dxe5 dxe5 14. Bc4 c6
15. a3 b5 16. Bb3 Nc5 17. Bxc5 Qxc5 18. Qe3 Nd7 19. Qxc5 Nxc5 20. Rd6 Nxb3 21.
cxb3 Be6 22. b4 Rfc8 23. Red1 Kg8 24. R1d2 Bf8 25. R6d3 f6 26. Nh4 Kf7 27. Rg3
Rd8 28. Rgd3 Rxd3 29. Rxd3 Be7 30. Rd2 a5 31. bxa5 Rxa5 32. g4 Ra8 33. Kg2 Bc5
34. Nf3 Ke7 35. Nh4 Bf7 36. Ne2 Bb6 37. Nc3 Rh8 38. Nf3 Be6 39. Nh4 Rg8 40. Nf3
Ra8 41. Nh4 Rg8 42. Nf3 Bc7 43. Nh4 Bf7 44. Kg3 Rb8 45. Kg2 Ba5 46. Rc2 Rd8 47.
b4 Bb6 48. Nb1 Be8 49. Nf3 Rd1 50. Nc3 Ra1 51. Ra2 Rc1 52. Ne2 Rd1 53. a4 Bf7
54. Ra3 bxa4 55. Nc3 Rd3 56. Ne1 Rd2 57. Nxa4 Bxf2 58. Nd3 Bd4+ 59. Kf3 f5 60.
gxf5 gxf5 61. exf5 Bd5+ 62. Kg3 Rg2+ 63. Kh4 Bf3 64. Nac5 e4 65. Ra7+ Kf6 66.
Rd7 exd3 67. Nxd3 Be3 0-1

[Event "BL 0809 USV TU Dresden - SC Kreuzberg"]
[Site "Dresden"]
[Date "2008.11.28"]
[Round "7.5"]
[White "Figura, Atila Gajo"]
[Black "Loxine, Jakow"]
[Result "1-0"]
[WhiteElo "2412"]
[BlackElo "2338"]
[PlyCount "79"]
[EventDate "2008.??.??"]

1. d4 Nf6 2. c4 Nc6 3. Nf3 d6 4. Nc3 e5 5. d5 Ne7 6. e4 g6 7. Be2 Bg7 8. Be3
Nd7 9. g4 O-O 10. h4 Nc5 11. Nd2 f5 12. f3 fxg4 13. fxg4 a5 14. h5 gxh5 15.
gxh5 Kh8 16. Nf3 Ng8 17. Qd2 Bf6 18. O-O-O Bg4 19. Nxe5 Bxe5 20. Bxg4 Nf6 21.
Bf5 a4 22. Bd4 Qe7 23. Kb1 Rae8 24. Rde1 Bxd4 25. Qxd4 Qe5 26. Qxe5 Rxe5 27. h6
Rg8 28. Rhg1 Re7 29. Kc2 Rxg1 30. Rxg1 Ng8 31. Rh1 Rf7 32. b4 axb3+ 33. axb3
Rf6 34. b4 Na6 35. Kb3 c5 36. dxc6 bxc6 37. Ra1 Nc7 38. Ra7 Rf7 39. b5 Nxh6 40.
b6 1-0

[Event "BL 0809 USV TU Dresden - SC Kreuzberg"]
[Site "Dresden"]
[Date "2008.11.28"]
[Round "7.6"]
[White "Wegener, Dirk"]
[Black "Richter, Michael"]
[Result "0-1"]
[WhiteElo "2353"]
[BlackElo "2421"]
[PlyCount "88"]
[EventDate "2008.??.??"]

1. e4 c5 2. Nf3 Nc6 3. d4 cxd4 4. Nxd4 Nf6 5. Nc3 e5 6. Ndb5 d6 7. Bg5 a6 8.
Na3 b5 9. Bxf6 gxf6 10. Nd5 Bg7 11. c3 f5 12. exf5 Bxf5 13. Nc2 O-O 14. Nce3
Bg6 15. h4 Be4 16. h5 Qg5 17. Rh3 Kh8 18. Rg3 Qh6 19. Bd3 Bxd5 20. Nxd5 f5 21.
Rh3 b4 22. Qa4 bxc3 23. bxc3 Nd8 24. Ne7 e4 25. Ng6+ hxg6 26. hxg6 Qxh3 27.
gxh3 Bxc3+ 28. Kf1 Bxa1 29. Qd7 Bg7 30. Bc4 Rf6 31. Qe8+ Bf8 32. h4 Kg7 33. h5
Kh6 34. Bf7 Nxf7 35. Qxa8 Ng5 36. Qd8 Bg7 37. Qa8 d5 38. Qxd5 Kxh5 39. Qg8 Kxg6
40. Qe8+ Kh6 41. a4 Nf3 42. a5 Rg6 43. Ke2 Rg1 44. Ke3 Kg5 0-1

[Event "BL 0809 USV TU Dresden - SC Kreuzberg"]
[Site "Dresden"]
[Date "2008.11.28"]
[Round "7.7"]
[White "Kalinitschew, Sergey"]
[Black "Schaefer, Erik"]
[Result "1-0"]
[WhiteElo "2492"]
[BlackElo "2154"]
[PlyCount "85"]
[EventDate "2008.??.??"]

1. d4 Nf6 2. c4 g6 3. g3 Bg7 4. Bg2 O-O 5. Nc3 d6 6. Nf3 Nc6 7. O-O Rb8 8. Re1
a6 9. Rb1 Na5 10. Qd3 c5 11. dxc5 Be6 12. cxd6 Bxc4 13. dxe7 Qxe7 14. Qe3 Qxe3
15. Bxe3 Nd5 16. Nxd5 Bxd5 17. b3 Rbc8 18. Nd4 Rfd8 19. Red1 Bxg2 20. Kxg2 h5
21. Nf3 Nc6 22. Bb6 Re8 23. e3 Nb4 24. a3 Rc6 25. Bd4 Nc2 26. a4 Nxd4 27. exd4
Rd8 28. Rd3 Rcd6 29. Rbd1 Rd5 30. h3 f5 31. Rc1 R5d7 32. Rc4 Bf6 33. h4 Rd6 34.
Kf1 b5 35. axb5 axb5 36. Rc5 Rd5 37. Rdc3 Rxc5 38. Rxc5 Bxd4 39. Rxb5 Bc3 40.
Rb6 Kg7 41. Rb7+ Kf6 42. Ng5 Ra8 43. f4 1-0

[Event "BL 0809 USV TU Dresden - SC Kreuzberg"]
[Site "Dresden"]
[Date "2008.11.28"]
[Round "7.8"]
[White "Osmanodja, Filiz"]
[Black "Berger, Steve"]
[Result "0-1"]
[WhiteElo "1939"]
[BlackElo "2413"]
[PlyCount "76"]
[EventDate "2008.??.??"]

1. e4 c5 2. Nf3 d6 3. d4 cxd4 4. Nxd4 Nf6 5. Nc3 g6 6. Be3 Bg7 7. f3 O-O 8. Qd2
Nc6 9. Bc4 Nd7 10. Bb3 Nb6 11. Na4 Nxa4 12. Bxa4 Bd7 13. O-O Nxd4 14. Bxd4
Bxd4+ 15. Qxd4 e5 16. Qb4 a5 17. Qa3 b5 18. Qxd6 bxa4 19. Qxe5 Qb6+ 20. Kh1
Rac8 21. Rfd1 Rfe8 22. Qd4 Qxd4 23. Rxd4 Re7 24. Rc1 Be8 25. c4 Rd7 26. Rd5
Rdc7 27. c5 f6 28. Kg1 Bf7 29. Rd4 Rxc5 30. Rxc5 Rxc5 31. Rxa4 Be8 32. Ra3 Kf7
33. Kf2 Rc2+ 34. Kg3 a4 35. b3 Rc3 36. Kf2 Ke6 37. Ke2 Ke5 38. Kd2 Kd4 0-1

[Event "BL 0809 OSC Baden Baden - SC Eppingen"]
[Site "?"]
[Date "2008.11.28"]
[Round "7.1"]
[White "Braun, Arik"]
[Black "Svidler, Peter"]
[Result "1/2-1/2"]
[WhiteElo "2567"]
[BlackElo "2727"]
[PlyCount "38"]
[EventDate "2008.??.??"]

1. d4 Nf6 2. c4 g6 3. Nf3 Bg7 4. g3 O-O 5. Bg2 d6 6. O-O Nc6 7. Nc3 a6 8. d5
Na5 9. Nd2 c5 10. Qc2 Rb8 11. Rb1 b5 12. b3 h5 13. Bb2 h4 14. Nce4 Nxe4 15.
Bxe4 Bxb2 16. Rxb2 e5 17. dxe6 Bxe6 18. cxb5 axb5 19. b4 Nc4 1/2-1/2

[Event "BL 0809 OSC Baden Baden - SC Eppingen"]
[Site "?"]
[Date "2008.11.28"]
[Round "7.3"]
[White "Gyimesi, Zoltan"]
[Black "Bacrot, Etienne"]
[Result "1/2-1/2"]
[WhiteElo "2592"]
[BlackElo "2705"]
[PlyCount "37"]
[EventDate "2008.??.??"]

1. d4 d5 2. c4 dxc4 3. Nf3 a6 4. e3 b5 5. a4 Bb7 6. b3 e6 7. axb5 axb5 8. Rxa8
Bxa8 9. bxc4 bxc4 10. Bxc4 Nf6 11. O-O Be7 12. Qa4+ Nbd7 13. Ne5 O-O 14. Nc6
Bxc6 15. Qxc6 Nb8 16. Qb5 c6 17. Qb3 c5 18. dxc5 Bxc5 19. Nd2 1/2-1/2

[Event "BL 0809 OSC Baden Baden - SC Eppingen"]
[Site "?"]
[Date "2008.11.28"]
[Round "7.4"]
[White "Naiditsch, Arkadij"]
[Black "Bindrich, Falko"]
[Result "1-0"]
[WhiteElo "2678"]
[BlackElo "2517"]
[PlyCount "93"]
[EventDate "2008.??.??"]

1. e4 e5 2. Nf3 Nc6 3. Bb5 a6 4. Bxc6 dxc6 5. O-O Bd6 6. d4 exd4 7. Qxd4 f6 8.
Nbd2 Be6 9. Nb3 Ne7 10. Nc5 Qc8 11. Qc3 O-O 12. Be3 Bf7 13. b4 b6 14. Nb3 f5
15. Nbd2 fxe4 16. Nxe4 Nd5 17. Nxd6 cxd6 18. Qd2 Qg4 19. a3 Nxe3 20. fxe3 Bd5
21. h3 Qg3 22. Nh2 Rfe8 23. Rae1 Re6 24. Rf4 Rae8 25. Rg4 Qe5 26. e4 Qb2 27.
Qd3 h5 28. Rh4 Rf6 29. Nf3 Bf7 30. Kh1 c5 31. Qd2 Qxa3 32. bxc5 Qxc5 33. Rf4
Rxf4 34. Qxf4 a5 35. e5 dxe5 36. Nxe5 Qc7 37. Re3 a4 38. Qd4 Qc5 39. Qf4 Qc7
40. Qd4 Qc5 41. Qf4 Bg6 42. Qg5 Qxc2 43. h4 a3 44. Kh2 Qf5 45. Nxg6 Qxg5 46.
Rxe8+ Kf7 47. Rf8+ 1-0

[Event "BL 0809 OSC Baden Baden - SC Eppingen"]
[Site "?"]
[Date "2008.11.28"]
[Round "7.5"]
[White "Medvegy, Zoltan"]
[Black "Nielsen, Peter-Heine"]
[Result "0-1"]
[WhiteElo "2556"]
[BlackElo "2662"]
[PlyCount "114"]
[EventDate "2008.??.??"]

1. d4 d5 2. c4 c6 3. Nc3 Nf6 4. e3 e6 5. Qc2 Nbd7 6. Nf3 Bd6 7. b3 O-O 8. Be2
b6 9. O-O Bb7 10. Bb2 Qe7 11. e4 Nxe4 12. Nxe4 dxe4 13. Qxe4 f5 14. Qh4 Qxh4
15. Nxh4 Be7 16. Nf3 Rfd8 17. Rad1 c5 18. dxc5 Nxc5 19. Ba1 Be4 20. Nd4 Kf7 21.
Bf3 Rac8 22. Bxe4 Nxe4 23. f3 Nc5 24. Kf2 a5 25. Rfe1 Bh4+ 26. g3 Bf6 27. Ke2
a4 28. bxa4 Ra8 29. Nc2 Rxa4 30. Bxf6 Rxd1 31. Rxd1 Kxf6 32. Rd6 Rxc4 33. Kd2
Na4 34. a3 Ke7 35. Rd4 Nb2 36. Rxc4 Nxc4+ 37. Kc3 Nd6 38. Kd4 g5 39. a4 h5 40.
f4 gxf4 41. gxf4 Ne4 42. Kc4 Nf6 43. Nd4 Kd6 44. Nb5+ Kd7 45. Nc3 h4 46. h3 Nh5
47. Ne2 Kc6 48. Nd4+ Kd6 49. Kb5 Nxf4 50. Kxb6 Nd5+ 51. Kb5 f4 52. Kc4 e5 53.
Nf5+ Ke6 54. Nxh4 e4 55. a5 f3 56. Nxf3 exf3 57. Kd3 Kf5 0-1

[Event "BL 0809 OSC Baden Baden - SC Eppingen"]
[Site "?"]
[Date "2008.11.28"]
[Round "7.7"]
[White "Vogt, Lothar"]
[Black "Dautov, Rustem"]
[Result "0-1"]
[WhiteElo "2446"]
[BlackElo "2601"]
[PlyCount "58"]
[EventDate "2008.??.??"]

1. e4 c6 2. c4 d5 3. exd5 cxd5 4. cxd5 Nf6 5. Nc3 Nxd5 6. Nf3 Nxc3 7. bxc3 g6
8. Bb5+ Bd7 9. a4 Bg7 10. O-O O-O 11. Ba3 Nc6 12. Re1 Re8 13. d4 Rc8 14. Rc1
Na5 15. Bb4 Nc6 16. Ba3 Na5 17. Bb4 Nc4 18. Qb3 Bxb5 19. axb5 b6 20. Qa2 Qd7
21. Nd2 Nxd2 22. Qxd2 e5 23. d5 Qxb5 24. d6 Red8 25. f4 a5 26. Ba3 Qa4 27. Qb2
exf4 28. Re7 Rxc3 29. Rxc3 Qd1+ 0-1

[Event "BL 0809 OSC Baden Baden - SC Eppingen"]
[Site "?"]
[Date "2008.11.28"]
[Round "7.8"]
[White "Schlosser, Philipp"]
[Black "Dekan, Hans"]
[Result "1-0"]
[WhiteElo "2567"]
[BlackElo "2187"]
[PlyCount "91"]
[EventDate "2008.??.??"]

1. Nf3 c5 2. c4 Nc6 3. d4 cxd4 4. Nxd4 g6 5. e4 Bg7 6. Be3 Nf6 7. Nc3 Ng4 8.
Qxg4 Nxd4 9. Qd1 Nc6 10. Qd2 d6 11. Be2 O-O 12. O-O Bd7 13. Rfd1 b6 14. Rac1
Rc8 15. Nd5 Ne5 16. b3 Bc6 17. Bg5 f6 18. Bh4 Qd7 19. h3 Kh8 20. f4 Bh6 21. Re1
Rce8 22. Bf2 Nf7 23. Bg4 Qb7 24. Be3 Bg7 25. b4 e6 26. b5 exd5 27. bxc6 Qxc6
28. cxd5 Qa4 29. Bd4 Re7 30. Qb2 Nd8 31. Rc8 h5 32. Bf3 Kg8 33. Rec1 Ref7 34.
f5 gxf5 35. Bxh5 Re7 36. exf5 Qa5 37. Qf2 Qxd5 38. Bd1 Qe4 39. Bc2 Qb7 40. Bb3+
Nf7 41. R8c6 Rd8 42. Qh4 d5 43. Bxf6 Bxf6 44. Rxf6 Rde8 45. Rg6+ Kf8 46. Qg3
1-0

[Event "BL 0809 SF Katernberg - SV Mülheim Nord"]
[Site "Katernberg"]
[Date "2008.12.12"]
[Round "7"]
[White "Laznicka, Viktor"]
[Black "Tregubov, Pavel"]
[Result "0-1"]
[WhiteElo "2591"]
[BlackElo "2646"]
[PlyCount "80"]
[EventDate "2008.??.??"]

1. d4 Nf6 2. c4 c5 3. d5 b5 4. cxb5 a6 5. bxa6 g6 6. Nc3 Bxa6 7. g3 d6 8. Bg2
Bg7 9. Qc2 Bb7 10. Nh3 Na6 11. O-O O-O 12. Rd1 Nb4 13. Qb1 Qb6 14. a3 Na6 15.
Ng5 Nc7 16. Qa2 Rfb8 17. Nf3 Ba6 18. Rb1 Qb3 19. Qxb3 Rxb3 20. Nd2 Rb7 21. b4
Ng4 22. bxc5 Bxc3 23. Rxb7 Bxb7 24. Ne4 Nb5 25. cxd6 exd6 26. Bf4 Be5 27. Rb1
Ba6 28. h3 Bxf4 29. gxf4 Nh6 30. a4 Nd4 31. e3 Bd3 32. Rb6 Ne2+ 33. Kh2 Bxe4
34. Bxe4 Nc3 35. Bc2 Nf5 36. Bxf5 gxf5 37. Rxd6 Rxa4 38. Rf6 Ra2 39. Rxf5 Rxf2+
40. Kg3 Rd2 0-1

[Event "BL 0809 SF Katernberg - SV Mülheim Nord"]
[Site "Katernberg"]
[Date "2008.12.12"]
[Round "7"]
[White "Negi, Parimarjan"]
[Black "Fridman, Daniel"]
[Result "1/2-1/2"]
[WhiteElo "2597"]
[BlackElo "2630"]
[PlyCount "56"]
[EventDate "2008.??.??"]

1. e4 e5 2. Nf3 Nf6 3. Nxe5 d6 4. Nf3 Nxe4 5. d4 d5 6. Bd3 Nc6 7. O-O Be7 8. c4
Nb4 9. Be2 O-O 10. Nc3 Bf5 11. a3 Nxc3 12. bxc3 Nc6 13. Re1 Re8 14. cxd5 Qxd5
15. Bf4 Rac8 16. Qa4 Be4 17. Bg3 Qf5 18. Nd2 Bc2 19. Qb5 Qxb5 20. Bxb5 a6 21.
Bxc6 bxc6 22. Nc4 Ba4 23. Re3 c5 24. Rae1 Bf6 25. Rxe8+ Rxe8 26. Rxe8+ Bxe8 27.
dxc5 Bb5 28. Ne5 Bxe5 1/2-1/2

[Event "BL 0809 SF Katernberg - SV Mülheim Nord"]
[Site "Katernberg"]
[Date "2008.12.12"]
[Round "7"]
[White "Malakhatko, Vadim"]
[Black "Firman, Nazar"]
[Result "0-1"]
[WhiteElo "2633"]
[BlackElo "2525"]
[PlyCount "74"]
[EventDate "2008.??.??"]

1. d4 f5 2. Nc3 d5 3. Bf4 a6 4. e4 dxe4 5. f3 Nf6 6. fxe4 fxe4 7. Bc4 Nc6 8.
Nge2 Na5 9. Bb3 Nxb3 10. axb3 Bf5 11. Qd2 e6 12. O-O-O Bb4 13. h3 O-O 14. g4
Bg6 15. Qe3 a5 16. Qg3 Qd7 17. h4 h5 18. gxh5 Bxh5 19. Rdg1 a4 20. Be5 axb3 21.
cxb3 Bxe2 22. Nxe2 Nh5 23. Qg2 Qc6+ 24. Nc3 Rf3 25. d5 exd5 26. Kb1 Bxc3 27.
Bxc3 Rxc3 28. bxc3 Qxc3 29. Qb2 Qd3+ 30. Kc1 Ra6 31. Rg2 Rc6+ 32. Rc2 Ng3 33.
Rxc6 Ne2+ 34. Qxe2 Qxe2 35. Rxc7 Qa2 36. Rh3 d4 37. Rg3 Qa1+ 0-1

[Event "BL 0809 SF Katernberg - SV Mülheim Nord"]
[Site "Katernberg"]
[Date "2008.12.12"]
[Round "7"]
[White "Berelovich, Alexander"]
[Black "Senff, Martin"]
[Result "1/2-1/2"]
[WhiteElo "2576"]
[BlackElo "2468"]
[PlyCount "41"]
[EventDate "2008.??.??"]

1. e4 e5 2. Nf3 Nf6 3. Nxe5 d6 4. Nf3 Nxe4 5. d4 d5 6. Bd3 Bd6 7. O-O O-O 8. c4
c6 9. Qc2 Na6 10. a3 Bg4 11. Bxe4 dxe4 12. Ng5 Bf5 13. Nc3 Re8 14. Re1 Bg6 15.
Ngxe4 f5 16. c5 fxe4 17. cxd6 e3 18. Qb3+ Bf7 19. Qc2 Bg6 20. Qb3+ Bf7 21. Qc2
1/2-1/2

[Event "BL 0809 SF Katernberg - SV Mülheim Nord"]
[Site "Katernberg"]
[Date "2008.12.12"]
[Round "7"]
[White "Scholz, Christian"]
[Black "Saltaev, Michail"]
[Result "0-1"]
[WhiteElo "2372"]
[BlackElo "2484"]
[PlyCount "70"]
[EventDate "2008.??.??"]

1. d4 d5 2. c4 c6 3. Nf3 Nf6 4. Nc3 dxc4 5. a4 e6 6. e3 c5 7. Bxc4 Nc6 8. O-O
Be7 9. dxc5 O-O 10. Qe2 Bxc5 11. e4 e5 12. h3 Be6 13. Rd1 Bxc4 14. Qxc4 Qb6 15.
Qe2 Nd4 16. Nxd4 Bxd4 17. Bg5 Rac8 18. a5 Qe6 19. Bxf6 Qxf6 20. Nd5 Qh4 21.
Rac1 h6 22. Rc2 Qxf2+ 23. Qxf2 Rxc2 24. Rxd4 Rxf2 25. Rb4 Re2 26. Kf1 Rc2 27.
Rxb7 a6 28. Kg1 Rd8 29. Rb6 Kh7 30. Kh2 Re2 31. Rb4 f5 32. Nc3 Rc2 33. exf5 Rd4
34. Rb6 Rdd2 35. Kg3 Rxb2 0-1